Nijinsky y los Ballets Rusos / (Record no. 136069)

MARC details
000 -CABECERA
campo de control de longitud fija 01779nam a22003494i 4500
001 - NÚMERO DE CONTROL
campo de control 991061305516406706
003 - IDENTIFICADOR DEL NÚMERO DE CONTROL
campo de control ES-BaIT
005 - FECHA Y HORA DE LA ÚLTIMA TRANSACCIÓN
campo de control 20260209085613.0
008 - DATOS DE LONGITUD FIJA--INFORMACIÓN GENERAL
campo de control de longitud fija 250325s1988 sp a||||r|||||0|| 0dspa|c
017 ## - NÚMERO DE COPYRIGHT O DE DEPÓSITO LEGAL
Número de copyright o de depósito legal DL M 41304-1988
Agencia que asigna Oficina DL Madrid
020 ## - NÚMERO INTERNACIONAL ESTÁNDAR DEL LIBRO
Número Internacional Estándar del Libro 8440434383
040 ## - FUENTE DE LA CATALOGACIÓN
Centro catalogador/agencia de origen ES-BaIT
Lengua de catalogación cat
Normas de descripción rda
Centro/agencia transcriptor ES-BaIT
080 ## - NÚMERO DE LA CLASIFICACIÓN DECIMAL UNIVERSAL
Número de la Clasificación Decimal Universal 793.4.07
100 1# - ENTRADA PRINCIPAL--NOMBRE DE PERSONA
Nombre de persona Sánchez, José Ramón,
Fechas asociadas al nombre 1936-
Término indicativo de función/relación artista
9 (RLIN) 165725
245 10 - MENCIÓN DE TÍTULO
Título Nijinsky y los Ballets Rusos /
Mención de responsabilidad, etc. José Ramón Sánchez
264 #1 - PRODUCCIÓN, PUBLICACIÓN, DISTRIBUCIÓN, FABRICACIÓN Y COPYRIGHT
Producción, publicación, distribución, fabricación y copyright Madrid :
Nombre del de productor, editor, distribuidor, fabricante Tabacalera Española :
-- Ministerio de Cultura-Instituto Nacional de las Artes Escénicas y de la Música,
Fecha de producción, publicación, distribución, fabricación o copyright 1988
300 ## - DESCRIPCIÓN FÍSICA
Extensión 180 pàgines:
Otras características físicas il·lustracions en color;
Dimensiones 29 cm
336 ## - TIPO DE CONTENIDO
Término de tipo de contenido text
Código de tipo de contenido txt
Fuente rdacontent
337 ## - TIPO DE MEDIO
Nombre/término del tipo de medio sense mediació
Código del tipo de medio n
Fuente rdamedia
338 ## - TIPO DE SOPORTE
Nombre/término del tipo de soporte volum
Código del tipo de soporte nc
Fuente rdacarrier
500 ## - NOTA GENERAL
Nota general Catàleg de l'exposició celebrada a Madrid, Centro Cultural Conde Duque, desembre 1988, on el dibuixant, il·lustrador i pintor José Ramon Sánchez homenatja a Nijinski
500 ## - NOTA GENERAL
Nota general Amb dades biogràfiques de Nijinski i els Ballets russes i de José Ramón Sánchez
504 ## - NOTA DE BIBLIOGRAFÍA, ETC.
Nota de bibliografía, etc. Bibliografia, pàgina 180
505 8# - NOTA DE CONTENIDO CON FORMATO
Nota de contenido con formato Inclou els textos: Nijinsky y la modernidad / Juan A. Barranco Gallardo -- El genio y la locura / Ramón Herrero Marin -- Un homenaje justificado / Luis Maria Caruncho -- El legado de Nijinsky / Maya Plisetskaya -- El circulo mágico de José Ramón Sánchez / Mercedes Rico -- Nijinsky In Memoriam / José Ramón Sánchez
600 10 - PUNTO DE ACCESO ADICIONAL DE MATERIA--NOMBRE DE PERSONA
Nombre de persona Nijinski, Vàtslav,
Fechas asociadas al nombre 1890-1950
Subdivisión general Exposicions
9 (RLIN) 105156
610 #0 - PUNTO DE ACCESO ADICIONAL DE MATERIA--NOMBRE DE ENTIDAD CORPORATIVA
Nombre de entidad corporativa o nombre de jurisdicción como elemento de entrada Ballets russes
Subdivisión general Exposicions
Fuente del encabezamiento o término lemac
9 (RLIN) 70530
650 #4 - PUNTO DE ACCESO ADICIONAL DE MATERIA--TÉRMINO DE MATERIA
Término de materia o nombre geográfico como elemento de entrada Ballarins de dansa clàssica
Subdivisión geográfica Rússia
Subdivisión cronológica S. XX
650 #4 - PUNTO DE ACCESO ADICIONAL DE MATERIA--TÉRMINO DE MATERIA
Término de materia o nombre geográfico como elemento de entrada Companyies de dansa clàssica
Subdivisión geográfica Rússia
Subdivisión cronológica S. XX
908 ## - COLOCAR PARÁMETRO DE COMANDO (RLIN)
Colocar parámetro de comando CDMAE
940 ## - EQUIVALENCIA O REFERENCIA-CRUZADA--TÍTULO UNIFORME [OBSOLETO] [solamente CAN/MARC]
Título uniforme <a href="CDMAE">CDMAE</a>
942 ## - ELEMENTOS DE ENTRADA AGREGADA (KOHA)
Fuente del sistema de clasificación o colocación Clasificación decimal universal
Tipo de ítem Koha Llibre
Holdings
Estado de retiro Estado de pérdida Fuente del sistema de clasificación o colocación Estado dañado No para préstamo Localización permanente Ubicación/localización actual Ubicación en estantería Fecha de adquisición Fuente de adquisición Total de préstamos Renovaciones totales Signatura topográfica completa Código de barras Fecha visto por última vez Fecha del último préstamo Precio válido a partir de Tipo de ítem Koha
    Clasificación decimal universal     Biblioteca Barcelona Biblioteca Barcelona BCN Lliure Accés 14/05/2025 Donatiu 1 1 793.4 (nij) SAN 1900088619 03/06/2025 22/05/2025 14/05/2025 Llibre

Powered by Koha